01139nmc a2200337 a 4500003000900000005001700009008004100026020001800067040001300085245004300098260005800141300001100199490004700210500004400257500013700301650002700438650002000465650002500485650002600510650003800536650001800574650001600592653002800608653002700636653002800663700002000691700002900711700001800740700001800758700002500776AR-BaBNM20251128203638.0011101s1992 ||||||||||||||000 | spa|| a950-582-317-7 cAR-BaBNM10aLa educación de adultos como proceso aBuenos AiresbHumanitasbOEIbQuinto Centenarioc19920 a224 p. 0aBiblioteca de educación de adultosvv. 40 aPrólogo de Jesús Hernández Aristu1 aTraducción española: Emilia Rojo, con adaptación de Jesús Hernández Aristu y Christina Van Waes y revisión de W. Leirman 4aAPRENDIZAJE DE ADULTOS 4aALUMNOS ADULTOS 4aEDUCACION DE ADULTOS 4aEDUCADORES DE ADULTOS 4aPROGRAMAS DE EDUCACION DE ADULTOS 4aPLANIFICACION 4aINTERACCION 0aINNOVACIONES EDUCATIVAS 0aESTRATEGIAS EDUCATIVAS 0aINVESTIGACION EDUCATIVA1 aLeirman, Walter1 aVandemeulebroecke, Lieve1 aBaert, Herman1 aCallens, Hugo1 aWildemmeersch, Danny